[Event "Lloyds Bank Masters 17th"]
[Site "London"]
[Date "1993.08.30"]
[Round "10"]
[White "Barua, Dibyendu"]
[Black "Wells, Peter K"]
[Result "0-1"]
[WhiteElo "2510"]
[BlackElo "2455"]
[PlyCount "66"]
[EventDate "1993.08.21"]
[EventType "swiss"]
[EventRounds "10"]
[EventCountry "ENG"]

1. e4 c6 2. d4 d5 3. exd5 cxd5 4. Bd3 Nc6 5. c3 Nf6 6. Be3 g6 7. Nf3 Bg7 8. O-O
O-O 9. Re1 Bf5 10. Bxf5 gxf5 11. Nbd2 Ne4 12. Nf1 e6 13. Ng3 Kh8 14. a4 Ne7 15.
Qc1 Ng6 16. Bh6 Rg8 17. Bxg7+ Rxg7 18. Nh5 Rg8 19. g3 Qe7 20. Qh6 Nh4 21. Qf4
Rg4 22. Qe3 Nxf3+ 23. Qxf3 Rag8 24. Nf4 Ng5 25. Qe3 Rh4 26. gxh4 Nf3+ 27. Kf1
Rg1+ 28. Ke2 Nxe1 29. Rxe1 Rg4 30. h3 Rg6 31. Kf1 Qxh4 32. Qe5+ Kg8 33. Re3 Qh5
0-1

[Event "Lloyds Bank Masters 17th"]
[Site "London"]
[Date "1993.08.30"]
[Round "10"]
[White "Carlson, Mats"]
[Black "Marusenko, Petr"]
[Result "1-0"]
[WhiteElo "2305"]
[BlackElo "2370"]
[PlyCount "55"]
[EventDate "1993.08.21"]
[EventType "swiss"]
[EventRounds "10"]
[EventCountry "ENG"]

1. d4 f5 2. Nc3 d5 3. Nf3 Nf6 4. Bg5 Ne4 5. Nxe4 dxe4 6. Ne5 Qd6 7. e3 Nd7 8.
c3 Nxe5 9. Bf4 Qb6 10. Bxe5 Qxb2 11. Rc1 Bd7 12. Bc4 b5 13. Bb3 a5 14. a4 e6
15. O-O Ba3 16. Bxg7 Rg8 17. Qh5+ Kd8 18. Bf6+ Kc8 19. Rb1 Qxc3 20. Qxh7 Re8
21. axb5 Bb2 22. Ba4 Rb8 23. Rxb2 Qxb2 24. b6 Kb7 25. Bxd7 Qxb6 26. Bxe8 Rxe8
27. Be5 a4 28. Qd7 1-0

[Event "Lloyds Bank Masters 17th"]
[Site "London"]
[Date "1993.08.30"]
[Round "10"]
[White "Harley, Andrew D"]
[Black "Poulton, James"]
[Result "1/2-1/2"]
[WhiteElo "2315"]
[BlackElo "2300"]
[PlyCount "55"]
[EventDate "1993.08.21"]
[EventType "swiss"]
[EventRounds "10"]
[EventCountry "ENG"]

1. e4 e6 2. d4 d5 3. Nc3 Bb4 4. e5 c5 5. a3 Bxc3+ 6. bxc3 Ne7 7. Qg4 Qc7 8.
Qxg7 Rg8 9. Qxh7 cxd4 10. Ne2 Nbc6 11. f4 Bd7 12. Qd3 dxc3 13. Rb1 O-O-O 14.
Nxc3 Na5 15. Rg1 Kb8 16. g4 Rc8 17. Rg3 Ng6 18. Nb5 Bxb5 19. Qxb5 Qxc2 20. Bd2
Rc5 21. Qb4 Rgc8 22. Bd3 Qa2 23. Rh3 b6 24. Rh7 Nc4 25. Rxf7 Nh4 26. Ke2 Nf3
27. Bxc4 Rxc4 28. Qxb6+ 1/2-1/2

[Event "Lloyds Bank Masters 17th"]
[Site "London"]
[Date "1993.08.30"]
[Round "10"]
[White "Thipsay, Praveen Mahadeo"]
[Black "Reilly, Tim"]
[Result "1-0"]
[WhiteElo "2465"]
[BlackElo "2315"]
[PlyCount "55"]
[EventDate "1993.08.21"]
[EventType "swiss"]
[EventRounds "10"]
[EventCountry "ENG"]

1. e4 d6 2. d4 Nf6 3. Nc3 g6 4. f4 Bg7 5. Nf3 O-O 6. Bd3 Na6 7. O-O c5 8. d5
Bg4 9. Kh1 Rb8 10. a3 Nc7 11. a4 a6 12. h3 Bd7 13. a5 Nb5 14. Qe1 Nxc3 15. bxc3
Rc8 16. Nd2 e6 17. dxe6 Bxe6 18. f5 gxf5 19. exf5 Bd5 20. Qh4 Kh8 21. c4 Bc6
22. Bb2 Rg8 23. Nf3 Bxf3 24. Rxf3 d5 25. cxd5 c4 26. Bxc4 Nxd5 27. Bxg7+ Kxg7
28. Rg3+ 1-0

[Event "Lloyds Bank Masters 17th"]
[Site "London"]
[Date "1993.08.30"]
[Round "10"]
[White "Fabiano, Giuseppe"]
[Black "Basman, Michael John"]
[Result "0-1"]
[WhiteElo "2245"]
[BlackElo "2350"]
[PlyCount "50"]
[EventDate "1993.08.21"]
[EventType "swiss"]
[EventRounds "10"]
[EventCountry "ENG"]

1. e4 h6 2. Nf3 c5 3. d3 d6 4. g3 Nc6 5. Bg2 Nf6 6. O-O g5 7. Nbd2 Bg7 8. c3
Bg4 9. Re1 Qd7 10. Qc2 Bh3 11. Bh1 Nh5 12. Nc4 f5 13. a4 f4 14. e5 O-O-O 15. d4
Bf5 16. Qd2 d5 17. Na3 Rhf8 18. dxc5 Be4 19. e6 Qxe6 20. Nb5 fxg3 21. hxg3 Nxg3
22. fxg3 Qg4 23. Rxe4 dxe4 24. Nfd4 Qxg3+ 25. Bg2 Be5 0-1

[Event "Lloyds Bank Masters 17th"]
[Site "London"]
[Date "1993.08.30"]
[Round "10"]
[White "Griffiths, Paul V"]
[Black "Mortazavi, Ali"]
[Result "0-1"]
[WhiteElo "2240"]
[BlackElo "2345"]
[PlyCount "50"]
[EventDate "1993.08.21"]
[EventType "swiss"]
[EventRounds "10"]
[EventCountry "ENG"]

1. e4 c5 2. Nf3 e6 3. c3 d5 4. exd5 Qxd5 5. d4 Nf6 6. Be2 cxd4 7. cxd4 Nc6 8.
O-O Be7 9. Nc3 Qd6 10. Bg5 O-O 11. Qa4 Nd5 12. Nxd5 Qxd5 13. Bf4 Bd7 14. Qc4
Qf5 15. Be3 Rac8 16. Qd3 Qxd3 17. Bxd3 Nb4 18. Rfd1 Nxd3 19. Rxd3 Bc6 20. d5
Bxd5 21. Bxa7 Bf6 22. Bd4 Rc7 23. Ne5 Rfc8 24. a3 Rc2 25. Kf1 Bxe5 0-1

[Event "Lloyds Bank Masters 17th"]
[Site "London"]
[Date "1993.08.30"]
[Round "10"]
[White "Cafferty, Bernard"]
[Black "Lamb, Richard"]
[Result "1-0"]
[WhiteElo "2310"]
[BlackElo "1801"]
[PlyCount "43"]
[EventDate "1993.08.21"]
[EventType "swiss"]
[EventRounds "10"]
[EventCountry "ENG"]

1. Nf3 Nf6 2. c4 c5 3. Nc3 Nc6 4. g3 g6 5. Bg2 Bg7 6. O-O O-O 7. d4 cxd4 8.
Nxd4 Nxd4 9. Qxd4 d6 10. Bg5 h6 11. Bd2 Ng4 12. Qf4 Rb8 13. Rfd1 g5 14. Qe4 Qb6
15. Be1 Bxc3 16. bxc3 Qc7 17. Qd4 Qc5 18. Bd5 Nf6 19. Qd3 b6 20. Qg6+ Kh8 21.
Qxh6+ Kg8 22. Qxg5+ 1-0

[Event "Lloyds Bank Masters 17th"]
[Site "London"]
[Date "1993.08.30"]
[Round "10"]
[White "Bisby, Daniel L"]
[Black "Wolstencroft, Darryl"]
[Result "1/2-1/2"]
[WhiteElo "2150"]
[BlackElo "2210"]
[PlyCount "36"]
[EventDate "1993.08.21"]
[EventType "swiss"]
[EventRounds "10"]
[EventCountry "ENG"]

1. c4 f5 2. Nc3 Nf6 3. g3 e6 4. Bg2 d5 5. d4 c6 6. Nf3 Bd6 7. O-O O-O 8. b3 b6
9. Bb2 Bb7 10. Qc1 Qe7 11. Ne5 Nbd7 12. Nxd7 Qxd7 13. e3 Rac8 14. Ba3 Ne4 15.
Bxd6 Nxd6 16. cxd5 exd5 17. Rd1 Ne4 18. Ne2 Qf7 1/2-1/2

[Event "Lloyds Bank Masters 17th"]
[Site "London"]
[Date "1993.08.30"]
[Round "10"]
[White "Johnsen, Sylvia"]
[Black "Hassabis, Demis"]
[Result "0-1"]
[WhiteElo "2050"]
[BlackElo "2260"]
[PlyCount "36"]
[EventDate "1993.08.21"]
[EventType "swiss"]
[EventRounds "10"]
[EventCountry "ENG"]

1. e4 e6 2. d4 d5 3. Nc3 dxe4 4. Nxe4 Be7 5. Nf3 Nd7 6. Bd3 Ngf6 7. Nxf6+ Nxf6
8. O-O O-O 9. Re1 b6 10. Ne5 Bb7 11. Ng4 Rc8 12. c3 c5 13. Nxf6+ Bxf6 14. Qc2
g6 15. dxc5 Rxc5 16. Bf4 Bg5 17. Be5 Bd5 18. Bd4 e5 0-1

[Event "Lloyds Bank Masters 17th"]
[Site "London"]
[Date "1993.08.30"]
[Round "10"]
[White "Mah, Karl"]
[Black "Rayner, Francis"]
[Result "1/2-1/2"]
[WhiteElo "2115"]
[BlackElo "2295"]
[PlyCount "35"]
[EventDate "1993.08.21"]
[EventType "swiss"]
[EventRounds "10"]
[EventCountry "ENG"]

1. e4 c5 2. Nc3 Nc6 3. g3 g6 4. Bg2 Bg7 5. d3 Rb8 6. Be3 d6 7. Qd2 b5 8. f4 b4
9. Nd1 Qc7 10. Ne2 Nf6 11. h3 Nd7 12. O-O Nd4 13. g4 Nxe2+ 14. Qxe2 Ba6 15. Rb1
Qa5 16. Nf2 Bb5 17. g5 Qa6 18. b3 1/2-1/2

[Event "Lloyds Bank Masters 17th"]
[Site "London"]
[Date "1993.08.30"]
[Round "10"]
[White "Van der Sterren, Paul"]
[Black "Har Zvi, Ronen"]
[Result "1-0"]
[WhiteElo "2530"]
[BlackElo "2505"]
[PlyCount "33"]
[EventDate "1993.08.21"]
[EventType "swiss"]
[EventRounds "10"]
[EventCountry "ENG"]

1. d4 d5 2. c4 c6 3. Nf3 e6 4. e3 Nf6 5. Bd3 Nbd7 6. O-O Ne4 7. Ne5 Nxe5 8.
dxe5 Nc5 9. Be2 Be7 10. Qc2 O-O 11. b3 Nd7 12. Bb2 Qc7 13. f4 f6 14. exf6 Bxf6
15. Nc3 b6 16. Bd3 g6 17. Bxg6 1-0

[Event "Lloyds Bank Masters 17th"]
[Site "London"]
[Date "1993.08.30"]
[Round "10"]
[White "Walker, Mark I"]
[Black "Corkett, Anthony"]
[Result "0-1"]
[WhiteElo "2230"]
[BlackElo "2315"]
[PlyCount "80"]
[EventDate "1993.08.21"]
[EventType "swiss"]
[EventRounds "10"]
[EventCountry "ENG"]

1. g3 d5 2. Bg2 e5 3. d3 Nc6 4. Nf3 Bg4 5. O-O Qd7 6. c3 a5 7. Nbd2 a4 8. e4 d4
9. Qc2 Bc5 10. cxd4 Bxd4 11. Nxd4 Nxd4 12. Qc5 Ne7 13. Kh1 b6 14. Qc3 O-O 15.
f4 f6 16. Nf3 Bxf3 17. Bxf3 c5 18. Bd1 Kh8 19. Qc4 b5 20. Qxc5 Rfc8 21. Qa3 Nc2
22. Bxc2 Rxc2 23. Be3 Nc6 24. b4 Re2 25. Rae1 Rxe1 26. Rxe1 Nd4 27. Qb2 a3 28.
Qf2 Nc6 29. fxe5 Nxe5 30. Rd1 Qg4 31. Rd2 Rd8 32. Qf4 Qxf4 33. gxf4 Nxd3 34. e5
fxe5 35. fxe5 Kg8 36. e6 Kf8 37. Bc5+ Ke8 38. Kg1 Nxc5 39. Rxd8+ Kxd8 40. bxc5
Ke7 0-1